Quizzes
Events
Quiz Creation
Community
Videos
Private Events
Remove Ads
Sign In
Join for FREE
Feedback
Dark Mode
Quiz Categories
Sports
Geography
Music
Movies
Television
Just For Fun
Miscellaneous
History
Literature
Language
Science
Gaming
Entertainment
Religion
Holiday
For Kids
Quiz Lab
Recent
Popular Today
Quiz Kudos Today
Editor Picks
Curator Picks
Quizzes by...
Day
Popularity
Type
Ratings
Length
Year
Community
Subscriptions
Recent Discussions
Orange Saloon
Badges
Playlists
Quests
Create
Leaderboards
Showdown
Live 5
Trivia Bingo
Activity
Puzzle Library
Sporcle Events
Private Events
Virtual Trivia
Globe League
Become a Host
Pub Owners
SporcleCon
Opinionation
Our Games
Videos
Blog
Mobile Apps
Partnerships
Remove Ads and Go Orange
Feedback
Miscellaneous
Crossword
General Knowledge
Baby Names
Logo
Food
Cars
Numbers
Grab Bag
University
College
Popular
Company
Slogans
Restaurants
Justice
Letter
Miscellaneous
Crossword
General Knowledge
Baby Names
Logo
Food
Cars
Numbers
Grab Bag
University
College
Popular
Company
Slogans
Restaurants
Justice
Letter
Random Quiz
Search Sporcle
×
Quiz Lab
Quiz Lab
Miscellaneous
Party
Type in answers that appear in a list
Type in answers that appear in a list
Classic
Best Score? Go Orange.
Top Party Schools 2016 (Princeton Review) Stats
Can you name the Top Party Schools 2016 according to the Princeton Review?
By
terps25win
10m
20 Questions
91 Plays
91 Plays
91 Plays
Comments
Comments
Give Quiz Kudos
Give Quiz Kudos
-
- Ratings
hide this ad
More Info
Replay
Link that replays current quiz
Next Quiz
Link to next quiz in quiz playlist
You Got
0%
They Got
Avg Score
40%
Avg Friend Score
Upgrade to see
Score Distribution
Jump to the score distribution portion of the page
Score
0/20
Timer
10:00
0
Plays Today
Ranking
School
% Correct
18
University of Florida
82.4%
1
University of Wisconsin-Madison
72.5%
20
Florida State University
70.3%
6
University of Iowa
62.6%
2
West Virginia University
60.4%
3
University of Illinois at Urbana-Champaign
54.9%
7
University of Mississippi
54.9%
19
University of Colorado-Boulder
54.9%
8
Syracuse University
48.4%
9
Tulane University
45.1%
Ranking
School
% Correct
11
University of California-Santa Barbara
37.4%
12
University of Delaware
35.2%
16
University of Maine
29.7%
17
University of Vermont
28.6%
13
University of Rhode Island
18.7%
4
Lehigh University
14.3%
14
Wake Forest University
14.3%
5
Bucknell University
9.9%
15
College of Charleston
9.9%
10
Colgate University
7.7%
Quiz Playlist
Details
Report
Send in Message
Add To Playlist
More Info:
Source: http://www.princetonreview.com/college-rankings?rankings=party-schools
Classic:
Type in answers that appear in a list
Last Updated: Feb 16, 2017
Quiz Scoreboard
CHALLENGE
Sign Up to Join the Scoreboard
Show All
Scores
Hide
Comments
May contain spoilers
Recently Published
Decade Duel: World Leaders
by jenniferyan
History
4m
Alphabetical 'K' Countries by Flag Minefield
by ylime102
Geography
3m
Pick 6: Fruits
by JohnFran
Miscellaneous
15s
More to Explore
Quiz From the Vault
Featured Blog Post
15 Basketball Trivia Facts You Can Be March Mad About
hide this ad
You Might Also Like...
Tags
2016
Party
princeton
Princeton Review
Review
school
Top Party
Today's Top Quizzes in Miscellaneous
Browse Miscellaneous
hide this ad
Today's Top Quizzes in Party
Browse Party
Top Contributed Quizzes in Miscellaneous
1
The JOE quick-fire general knowledge quiz: Day 166
2
Spring Months consonants
3
Pick 6: Supreme Pizza
4
The JOE quick-fire general knowledge quiz: Day 165
5
Pick 6: Vegetables
6
Four Seasons
7
Pick 6: University Mascots
8
Guess the 'S' Things in 3 Words
9
Sporcle Acrostic Puzzle XXXV
10
The JOE quick-fire general knowledge quiz: Day 164
Explore More
Trending Topics
Disney
Kpop
Marvel
Crossword
Anime
Harry Potter
NBA
Song
Pokémon
The Office
Soccer
WWE
Puzzle
NFL
Country
hide this ad
More By:
terps25win
Quiz
Plays
Rating
Category
Featured
Created
NFL: Best QBs to Never Win a Super Bowl
59,950
4.55
Sports
Jan 18, 2018
Movies by Innocent Description
2,085
4.36
Movies
Nov 14, 2018
Movie by Nefarious Description
600
3.57
Movies
Nov 13, 2018
Movies by Nefarious Description II
507
4.00
Movies
May 10, 2019
NFL Approximate Value Leaders per Year
333
4.40
Sports
Jun 28, 2016
Go to Creator's Profile
Score Distribution
Quiz Creator Spotlight
terps25win
Follow
Send a Message
Quizzes Created
-
Created Quiz Play Count
-
More By This Creator
Popular Quizzes Today
1
Countries of Asia Without Outlines Minefield
2
Find the US States - No Outlines Minefield
3
Pick 6: Fruits
4
The Countries of the World
5
Alphabetical 'K' Countries by Flag Minefield
6
Find the Countries of Europe - No Outlines Minefield
7
US States
8
Find the US States
More Miscellaneous Quizzes
Clickable Sporcle Quiz Show!
Published
Trending Quizzes
Pick 6: Mountains
Pick 6: Harry Potter
Pick 6: Flags
Pick 6: NFL Teams
Pick 6: Movie Franchises
Recently Updated
Adaptations: Name the Title
pecheneg
NWSL Teams
pecheneg
Women's Final Four Teams by Year
bhenderson79
Presidents Quartet II
eogle
Anything But Clue(do)
eogle
Anything But Oceanian Capitals
eogle
Anything But 7
eogle
Anything But Thing
eogle
Word Ladder: February 29
pecheneg
Song Title Questions
pecheneg
Trending Topics
Kpop
Harry Potter
NBA
Crossword
Disney
Marvel
Anime
The Office
Soccer
Song
Puzzle
NFL
Pokémon
Country
WWE
Your Account Isn't Verified!
In order to create a playlist on Sporcle, you need to verify the email address you used during registration. Go to your
Sporcle Settings
to finish the process.
Report this User
Report this user for behavior that violates our
Community Guidelines
.
Details:
Send Report
Go to the Sporcle.com Mobile Site →
Comments